Statistics for French Players in 2020-21 Serie A

Click here to take the quiz!

General Stats

  • This quiz has been taken 153 times
    (57 since last reset)
  • The average score is 6 of 21

Answer Stats

ClubPlayer% Correct
JuventusAdrien Rabiot
81%
AC MilanTheo Hernández
81%
AS RomaJordan Veretout
75%
FiorentinaFranck Ribéry
50%
NapoliTiemoué Bakayoko
48%
AC MilanPierre Kalulu
40%
SassuoloGrégoire Defrel
37%
SassuoloMaxime Lopez
29%
TorinoSoualiho Meïté
21%
ParmaYann Karamoh
21%
SpeziaMbala N'Zola
19%
UdineseSebastien De Maio
17%
UdineseJean-Victor Makengo
13%
ParmaVincent Laurini
13%
CrotoneEmmanuel Rivière
10%
SampdoriaMehdi Léris
10%
SpeziaLucien Agoume
8%
CagliariMattéo Tramoni
8%
AS RomaRuben Providence
8%
ParmaWylan Cyprien
8%
GenoaSteeve-Mike Ebongue
2%

Score Distribution

Percentile by Number Answered

Percent of People with Each Score

Your Score History

You have not taken this quiz since the last reset